The American heritage book of the Revolution / (Record no. 200468139)

MARC details
000 -LEADER
fixed length control field 01812cam a2200445 i 4500
001 - CONTROL NUMBER
control field 200468139
003 - CONTROL NUMBER IDENTIFIER
control field TR-AnTOB
005 - DATE AND TIME OF LATEST TRANSACTION
control field 20260416111919.0
007 - PHYSICAL DESCRIPTION FIXED FIELD--GENERAL INFORMATION
fixed length control field ta
008 - FIXED-LENGTH DATA ELEMENTS--GENERAL INFORMATION
fixed length control field 260416t19711971nyua 001 0 eng
010 ## - LIBRARY OF CONGRESS CONTROL NUMBER
LC control number 70031142
020 ## - INTERNATIONAL STANDARD BOOK NUMBER
International Standard Book Number 0070361150
International Standard Book Number 0070361169
Qualifying information (hardback)
035 ## - SYSTEM CONTROL NUMBER
System control number (NjP)2267466-princetondb
Canceled/invalid control number (NjP)Voyager2267466
System control number (OCoLC)ocm00221130
System control number (TR-AnTOB)200468139
040 ## - CATALOGING SOURCE
Original cataloging agency DLC
Language of cataloging eng
Description conventions rda
Transcribing agency DLC
Modifying agency PUL
-- TR-AnTOB
041 0# - LANGUAGE CODE
Language code of text/sound track or separate title İngilizce
043 ## - GEOGRAPHIC AREA CODE
Geographic area code n-us---
050 04 - LIBRARY OF CONGRESS CALL NUMBER
Classification number E208
Item number .L362 1971
090 ## - LOCALLY ASSIGNED LC-TYPE CALL NUMBER (OCLC); LOCAL CALL NUMBER (RLIN)
Classification number (OCLC) (R) ; Classification number, CALL (RLIN) (NR) E208
Local cutter number (OCLC) ; Book number/undivided call number, CALL (RLIN) .L362 1971
100 1# - MAIN ENTRY--PERSONAL NAME
Personal name Lancaster, Bruce,
Dates associated with a name 1896-1963
Authority record control number or standard number http://id.loc.gov/authorities/names/n50039933
9 (RLIN) 153708
245 14 - TITLE STATEMENT
Title The American heritage book of the Revolution /
Statement of responsibility, etc. by the editors of American heritage. Editor in charge: Richard M. Ketchum. Narrative by Bruce Lancaster. With a chapter by J. H. Plumb. Introd. by Bruce Catton.
264 #1 - PRODUCTION, PUBLICATION, DISTRIBUTION, MANUFACTURE, AND COPYRIGHT NOTICE
Place of production, publication, distribution, manufacture New York :
Name of producer, publisher, distributor, manufacturer American Heritage Pub. Co.
Date of production, publication, distribution, manufacture, or copyright notice [1971]
Date of production, publication, distribution, manufacture, or copyright notice ©1971
300 ## - PHYSICAL DESCRIPTION
Extent 384 pages :
Other physical details illustrations (part color) ;
Dimensions 29 cm
336 ## - CONTENT TYPE
Content type term text
Content type code txt
Source rdacontent
337 ## - MEDIA TYPE
Media type term unmediated
Media type code n
Source rdamedia
338 ## - CARRIER TYPE
Carrier type term volume
Carrier type code nc
Source rdacarrier
500 ## - GENERAL NOTE
General note Includes index.
651 #0 - SUBJECT ADDED ENTRY--GEOGRAPHIC NAME
Geographic name United States
General subdivision History
Chronological subdivision Revolution, 1775-1783
Authority record control number or standard number http://id.loc.gov/authorities/subjects/sh85140139
9 (RLIN) 27886
700 1# - ADDED ENTRY--PERSONAL NAME
Personal name Ketchum, Richard M.,
Dates associated with a name 1922-2012
Relator term editor
Relator code edt
Authority record control number or standard number http://id.loc.gov/authorities/names/n50045807
9 (RLIN) 153709
Personal name Plumb, J. H.
Fuller form of name (John Harold),
Dates associated with a name 1911-2001
Authority record control number or standard number http://id.loc.gov/authorities/names/n78086278
9 (RLIN) 153710
Personal name Catton, Bruce,
Dates associated with a name 1899-1978
Relator term writer of introduction
Relator code win
Authority record control number or standard number http://id.loc.gov/authorities/names/n79007071
9 (RLIN) 153023
730 0# - ADDED ENTRY--UNIFORM TITLE
Uniform title American heritage.
942 ## - ADDED ENTRY ELEMENTS (KOHA)
Source of classification or shelving scheme Library of Congress Classification
Koha item type Book
Holdings
Withdrawn status Lost status Source of classification or shelving scheme Not for loan Collection code Home library Current library Shelving location Date acquired Source of acquisition Inventory number Total Checkouts Full call number Date last seen Copy number Date shelved Koha item type Public note
    Library of Congress Classification Ödünç Verilemez-Kurumiçi kullanım / Not for loan-For inhouse use Genel Koleksiyon Tıp Fakültesi Medikal Kütüphane Tıp Fakültesi Medikal Kütüphane Genel Koleksiyon / Main Collection 18/03/2026 Bağış / Donation TAR   E208 .L362 1971 TıpFaK 16/04/2026 1 16/04/2026 Book Donated by Prof. Dr. Şükrü Cin
Devinim Yazılım Eğitim Danışmanlık tarafından Koha'nın orjinal sürümü uyarlanarak geliştirilip kurulmuştur.